Bills of exchange in Australia /

Gardado en:
Detalles Bibliográficos
Autor Principal: Riley, B. B. (Bernard Blomfield)
Outros autores: Bilinsky, B., Chappenden, W. J. (William J.)
Formato: Libro
Idioma:English
Publicado: Sydney : Law Book Co., 1976.
Edición:3rd ed. /
Subjects:
LEADER 01371cam a2200361 a 4500
001 c000279981
003 CARM
005 20080204103318.0
008 800317s1976 at 001 0 eng d
019 1 |a 1680244  |z 12415343  |z 21769194  |5 LACONCORD2021 
020 |a 0455194572 :  |c unpriced 
035 |a (OCoLC)29003717  |5 LACONCORD2021 
040 |a ANB  |b eng  |c ANB  |d ANB 
042 |a anuc 
043 |a u-at--- 
082 0 4 |a 346/.94/096  |2 20 
100 1 |a Riley, B. B.  |q (Bernard Blomfield) 
245 1 0 |a Bills of exchange in Australia /  |c by B.B. Riley. 
246 3 |a Riley's bills of exchange 
250 |a 3rd ed. /  |b by W.J. Chappenden and B. Bilinsky. 
260 |a Sydney :  |b Law Book Co.,  |c 1976. 
300 |a xxi, 253 p. ;  |c 25 cm. 
500 |a Negotiable instruments: Bills of exchange. Law. Australia (ANB/PRECIS SIN 0114413) 
500 |a Spine title: Riley's bills of exchange. 
500 |a Includes index. 
650 0 |a Negotiable instruments  |z Australia. 
650 0 |a Bills of exchange  |z Australia. 
700 1 |a Bilinsky, B. 
700 1 |a Chappenden, W. J.  |q (William J.) 
740 0 |a Riley's bills of exchange. 
852 8 |b CARM  |h A1:AL35B0  |i B10455  |p 0467983  |f BK 
999 f f |i 3b1f3171-d321-50b4-aaab-66524ace5a86  |s 22033baa-97a1-5728-bd52-07294c4c959e 
952 f f |p Can circulate  |a CAVAL  |b CAVAL  |c CAVAL  |d CARM 1 Store  |e B10455  |f A1:AL35B0  |h Other scheme  |i book  |m 0467983